Remont gornych mašin /

Uložené v:
Podrobná bibliografia
Hlavný autor: Banatov, Petr Stepanovič (Author)
Médium: Kniha
Jazyk:Russian
Vydané: Moskva : Ugletechizdat, 1959.
ISBN: (viaz.)
Fyzický popis: 188.
Tagy: Pridať tag
Žiadne tagy, Buďte prvý kto otaguje tento záznam!

MARC

LEADER 00000nam a22000002a 4500
001 000596708
005 20181005172154.0
008 030503s1959 ru f rus d
020 |a (viaz.)  |c Kčs 5,00 
040 |a SVKKK  |b slo  |c SVKKK  |e AACR2 
041 0 |a rus 
044 |a ru  |c RU 
100 1 |a Banatov, Petr Stepanovič  |4 aut 
245 1 0 |a Remont gornych mašin /  |c Petr Stepanovič Banatov. 
260 |a Moskva :  |b Ugletechizdat,  |c 1959. 
300 |a 188. 
504 |a Bibliogr. odkazy 
910 |a svkkk 
998 |a BK 
090 |g SCKHL  |k Sklad Pribinova 2. posch.  |a III.78258  |j 183719  |i 2720571258  |s Vyradená